Egyiptomi halottaskönyv: Kilépés a fénybe.
Elmentve itt :
| Adatforrás: | Philobibl |
|---|---|
| Dokumentumtípus: | Könyv |
| Nyelv: | magyar |
| Megjelent: |
Bp.
Farkas Lőrinc Imre Kiadó.
2002
|
| LEADER | 00279nam a2200097 c 4500 | ||
|---|---|---|---|
| 001 | bibDOK00027683 | ||
| 005 | 20200924122240.1 | ||
| 008 | 060518s2002 hu hun | ||
| 245 | 0 | 0 | |a Egyiptomi halottaskönyv: Kilépés a fénybe. |
| 260 | |a Bp. |b Farkas Lőrinc Imre Kiadó. |c 2002 | ||
| 300 | |a 299 p. p. | ||